00834nam a2200205 i 450000100060000000300090000600500170001500700030003200800410003510000400007624501350011626000540025130000210030549000490032650200200037583000630039585200320045899900170049095201210050736199ES-MaACL20250815102033.0t|030217s1956 sp ||||1| spa d1 aBretón Funes, José Luis.93163910aAislamiento y estudio de los triperpenos contenidos en el látex de la "Euphorbia Obtusifolia" poir / cJosé Luis Breton Funes. aLa Laguna : bUniversidad, c1956 (fJ. Régulo) a93 p. ; c23 cm.1 aFacultad de Ciencias. Tesis doctorales ; v3 aTesis doctoral.00aFacultad de Ciencias (Universidad de La Laguna)v39229578 aES-MaACLjC-14927 bR.40003 c36199d36199 00104070aATENEOMbATENEOMcFICHd2008-01-17eSCl0oC-14927p1037994r2023-02-23 00:00:00w2023-02-23yMONOGRAFIA